000 01689nam a22003137a 4500
001 000534
003 DO-SdBNP
005 20170915110702.0
007 000534
008 161010b 2009 ||||| |||| 00| 0 spa d
020 _a9789587360066
040 _aBPMSU
_bspa
_cBPMSU
082 _aR 660.3
_bD948b
100 1 _aDurán Ramírez, Felipe
245 1 0 _aLa biblia de las recetas industriales /
_cFelipe Durán Ramírez
246 3 4 _aLa biblia de las recetas industriales :
_bfórmulas y procedimientos al alcance de toros
260 _a[s.l.] :
_bGrupo Latino,
_c[20--].
300 _a1328 p. :
_b il. ;
_c27 cm.
500 _aObra de fácil consulta para diferentes procesos industriales
504 _aBibliografía : p. 1323-1328
505 0 _tElaboración de productos alimenticios y de bebidas --
_tElaboración de productos de molinería, almidones y alimentos preparados para animales --
_tFabricación de productos textiles --
_tTransformación de la madera y fabricación de productos de madera --
_tFabricación de papeles, cartones y productos de papel y cartón --
_tCoquización, fabricación de productos de la refinación del petróleo --
_tFabricación de sustancias y productos químicos --
_tFabricación de productos minerales no metálicos --
_tFabricación de otros productos minerales no metálicos --
_tFabricación de productos metalúrgicos básicos.
650 4 _aRECETARIOS INDUSTRIALES
650 4 _aQUÍMICA INDUSTRIAL
_xFÓRMULAS Y RECETAS
650 4 _aTECNOLOGÍA QUÍMICA
_xFÓRMULAS Y RECETAS
910 _aValidado. Control de calidad MFF
942 _2ddc
_cBK
945 _aInventariado, MFF/2017
956 _2LOPEREZ
_310
_620161010
_8BPMSU
_a00041
999 _c11499
_d11499